Coal resources of the United States (Record no. 28871)

MARC details
000 -LEADER
fixed length control field 00862cam a22002531 4500
001 - CONTROL NUMBER
control field gs 54000221
003 - CONTROL NUMBER IDENTIFIER
control field DLC
005 - DATE AND TIME OF LATEST TRANSACTION
control field 20260227111401.0
008 - FIXED-LENGTH DATA ELEMENTS--GENERAL INFORMATION
fixed length control field 780125s1953 dcub b 000 0 eng c
010 ## - LIBRARY OF CONGRESS CONTROL NUMBER
LC control number gs 54000221
035 ## - SYSTEM CONTROL NUMBER
System control number (OCoLC)3579158
040 ## - CATALOGING SOURCE
Original cataloging agency U.S.Geol.Survey. Libr.
Transcribing agency CCC
Modifying agency OCoLC
-- DLC
042 ## - AUTHENTICATION CODE
Authentication code premarc
050 00 - LIBRARY OF CONGRESS CALL NUMBER
Classification number QE75
Item number .C5 no. 293
051 ## - LIBRARY OF CONGRESS COPY, ISSUE, OFFPRINT STATEMENT
Classification number TN805.A5
Item number A85 1953
Copy information Copy 2.
100 1# - MAIN ENTRY--PERSONAL NAME
Personal name Averitt, Paul,
Dates associated with a name 1908-
245 00 - TITLE STATEMENT
Title Coal resources of the United States
Remainder of title (a progress report, October 1, 1953)
Statement of responsibility, etc. by Paul Averitt, Louise R. Berryhill, and Dorothy A. Taylor.
260 ## - PUBLICATION, DISTRIBUTION, ETC.
Place of publication, distribution, etc. Washington,
Date of publication, distribution, etc. 1953.
300 ## - PHYSICAL DESCRIPTION
Extent iv, 49 p.
Other physical details maps, diagrs., tables.
Dimensions 27 cm.
490 1# - SERIES STATEMENT
Series statement Geological Survey circular 293
504 ## - BIBLIOGRAPHY, ETC. NOTE
Bibliography, etc. note Bibliography: p.47-49.
650 #0 - SUBJECT ADDED ENTRY--TOPICAL TERM
Topical term or geographic name entry element Coal
Geographic subdivision United States.
810 2# - SERIES ADDED ENTRY--CORPORATE NAME
Corporate name or jurisdiction name as entry element Geological Survey (U.S.).
Title of a work Circular ;
Volume/sequential designation 293.

No items available.

Powered by Koha